Complete the geographical name (3) - Statistics

General Stats
  • This quiz has been taken 101 times
  • The average score is 9 of 17
Answer Stats
Hint Explanation Answer % Correct
Pak istan
82%
To go
79%
Turk ey
78%
Monter Mexico rey
74%
Tun isia
71%
S Argentina alto
66%
Par is
66%
Be England dford
64%
Done tsk
58%
Co ngo
50%
Kanan D.R. Congo ga
46%
Le Shetland rwick
38%
Ri Goiás, Brazil o Verde
32%
Bra Toronto mpton
29%
Ton Kent bridge
22%
Turkmen Turkmenistan basy
12%
Cab Angola inda
12%
No matching quizzes found
Score Distribution
Percent of People with Each Score
Percentile by Number Answered
Your Score History
You have not taken this quiz